00837nam a2200193 a 450000100100000000500170001000800410002702000180006804000250008624501920011126000660030349000250036950400730039450400320046770000340049970000270053371000580056083000250061800004412220201002045148.0140516s2011 sp 000 0 spa d a9788498302844 aDO-SdBNPbspacBNPHU03aLa diversidad religiosa en el País Vasco :bnuevos retos sociales y culturales para las políticas públicas /cEduardo Javier Ruiz Vieytez (dir.) ; Saioa Bilbao Urquidi ... [et al.]. aEspaña :bPublicaciones de la Universidad de Deusto,c2011.1 aDerechos humanosv16 aIncluye referencias bibliográficas y notas al pie de las páginas aBibliografía : p. 149-15412aRuiz Vieytez, Eduardo Javier.12aBilbao Urquidi, Saioa.2 aUniversidad de Deusto. Instituto de Derechos Humanos. 0aDerechos humanosv16